000 00680nam a2200229 a 4500
001 BRCA_6246
005 20190320205401.0
008 200711s1908----mx-#######---#000-0#spa-#
041 _aspa
044 _amx
050 4 _aHD2811
_b.S63 2 1908
245 1 0 _aLas sociedades anónimas de México
_bAño I, 1908
_cBanco Central Mexicano.
260 _aMéxico
_bBouligny & Schmidt
_c1908
300 _a337 p.
_c23 cm.
500 _aEstado físico: Encuadernación desprendida
500 _aVer también CEF67 (ed. en francés)
500 _aK106
650 1 4 _aSociedades anónimas
_zMéxico
_911008
710 2 _aBanco Central Mexicano
_911009
902 _aGFM
942 _2lcc
_cB
999 _c5933
_d5933